00923 a2200217 4500003000500000005001700005010001700022020002800039040000900067082001700076245011900093260006000212300003400272505013200306650003400438700002100472700002400493700002400517856008800541856007600629Nust20221222184228.0 a 2004048502 a8181477189 (alk. paper) cNust00a621.3827,WDM00aWDM technologies :boptical networks : volume III /cedited by Achyut K. Dutta, Niloy K. Dutta, Masahiko Fujiwara. aAmsterdam ;aBoston :bElsevier Academic Press,cc2004. axix, 315 p. :bill. ;c24 cm. aPart 1: Overview and WDM/TDM Perspectives (Page-11), Part 2: Critical Technologies (Page-63), Part 3: Applications (Page-189).  0aTelecommunication Engineering1 aDutta, Achyut K.1 aDutta, N. K.d1953-1 aFujiwara, Masahiko.413Publisher descriptionuhttp://www.loc.gov/catdir/description/els051/2004048502.html413Table of contentsuhttp://www.loc.gov/catdir/toc/els051/2004048502.html